Responses for Show #6514 - Thursday, January 3, 2013

Ashok Poozhikunnel game 1.

Contestants

[<< previous game]

Emily Gilmore, a Latin teacher from Fredericksburg, Virginia

Ashok Poozhikunnel, an underwriter from Wheaton, Illinois

Julie Reynolds, a medical transcriptionist from Waterville, Ohio (whose 1-day cash winnings total $10,005)

[next game >>]

Jeopardy! Round responses

NAME THE PARENT COMPANY
HISTORICAL HODGEPODGE
MEASURED LANGUAGE
SHELF RELIANCE
'80s NO. 1 HITMAKERS
"TIN" MEN
    $200 18
3M

Ashok
    $200 13
Kissinger

Ashok
    $200 11
inch

Emily
    $200 20
ice

Ashok
    $200 1
Michael Jackson

Emily
    $200 6
Putin

Ashok
    $400 19
Mattel

Triple Stumper
    $400 14
Confucius

Ashok
    $400 12
feet

Julie
    $400 21
shelf life

Julie
    $400 2
Michael Jackson

Emily
    $400 7
(Joe) Tinker

Ashok
    $600 22
(Alex: That's from [*]. You knew that, Julie. You should have rung in.
Go again.)

Procter & Gamble

Triple Stumper
    $1,000 15
The Appian Way

Ashok
    $600 23
gallon

Julie
    $600 25
fungus (or mushroom)

Emily
    $600 3
Michael Jackson

Julie
    $600 8
George Martin

Emily
    $800 29
(Ashok: What is Parker Brothers?)

Hasbro

Ashok
Triple Stumper
    $800 16
(Alex: [*]. Amman, [*].)

Jordan

Ashok
    $800 24
miles

Emily
    $800 26
the Dewey Decimal System

Emily
    $800 4
Janet Jackson

Emily
    $800 9
Austin

Ashok
    $1000 30
Kraft

Triple Stumper
    $1000 17
Iberian peninsula

Triple Stumper
    $1000 28
fathom

Triple Stumper
    $1000 27
what-not

Emily
    $1000 5
(Alex: We didn't fool you on any of these clues. You guys are good.)

George Michael

Julie
    $1000 10
Tintoretto

Ashok

Scores at the first commercial break (after clue 15):

Julie Ashok Emily
$2,000 $4,000 $2,200

Scores at the end of the Jeopardy! Round:

Julie Ashok Emily
$3,000 $4,400 $5,400

Double Jeopardy! Round responses

STATE OF THE ART MUSEUM
(Alex: We'll give you the museum. You give us the state.)
THE RESIDENTS
CEMETERIES
10 CHARACTERS, 5 AUTHORS
(Alex: We'll give you ten characters, and you have to give us five authors, one per clue.)
RHYME TIME
CAMBODIAN HISTORY & CULTURE
    $400 21
Michigan

Emily
    $400 11
Psycho

Julie
    $400 16
Arlington

Julie
    $400 6
James Patterson

Triple Stumper
    $400 1
Reese's pieces

Ashok
    $400 26
France

Ashok
    $800 22
Ohio

Ashok
    $800 12
Animal House

Julie
    $800 17
Flanders Field

Triple Stumper
    $2,000 7
(Ashok: Who is Waugh?)

Philip Roth

Ashok
    $800 2
(Alex: [*]. Makes sense. He was pushed. Didn't just fall.)

Humpty Dumpty

Triple Stumper
    $800 27
Khmer

Ashok
    $1200 23
New Mexico

Julie
    $1200 13
Beverly Hills

Julie
    $1,000 18
(Julie: It's in there, but it's not coming out.)

Père Lachaise

Julie
    $1200 8
(Mario) Puzo

Julie
    $1200 3
plain Jane

Ashok
    $1200 28
a floating village

Julie
    $1600 24
(Alex: Think of skiing--Sun Valley, [*].)

Idaho

Triple Stumper
    $1600 14
Hogan's Heroes

Triple Stumper
    $1600 19
Forest Lawn

Triple Stumper
    $1600 9
Larry McMurtry

Triple Stumper
    $1600 4
the hurdy gurdy man

Emily
    $1600 29
monks

Ashok
    $2000 25
Florida

Ashok
    $2000 15
Three's Company

Julie
    $2000 20
Boot Hill

Triple Stumper
    $2000 10
(Alex: And the author is [*]. That was a tough one.)

Saul Bellow

Triple Stumper
    $2000 5
Helter Skelter

Ashok
    $2000 30
rickshaw

Emily

Scores at the end of the Double Jeopardy! Round:

Julie Ashok Emily
$10,400 $11,600 $9,400

[wagering suggestions for these scores]

Final Jeopardy! Round responses

SEX & THE CONSTITUTION
EmilyWhat is the 20th Amendment
$9,400
JulieWhat is the 22nd?
$9,201
AshokWhat is the 19th Amendment?
$10,000
the 19th Amendment

Final scores:

Julie Ashok Emily
$1,199 $21,600 $0
2nd place: $2,000 New champion: $21,600 3rd place: $1,000

Game dynamics:

Coryat scores:

Julie Ashok Emily
$11,400 $13,200 $9,400
13 R,
1 W
(including 1 DD)
18 R
(including 1 DD),
2 W
(including 1 DD)
12 R,
0 W

Combined Coryat: $34,000

[game] [game scores] [suggest correction]

Game tape date: 2012-09-19
The J! Archive is created by fans, for fans. Scraping, republication, monetization, and malicious use prohibited; this site may use cookies and collect identifying information. See terms. The Jeopardy! game show and all elements thereof, including but not limited to copyright and trademark thereto, are the property of Jeopardy Productions, Inc. and are protected under law. This website is not affiliated with, sponsored by, or operated by Jeopardy Productions, Inc. Join the discussion at JBoard.tv.